01530nam a22001937a 450000500170000000800410001702000180005804000070007604100120008308200160009510000160011124500660012726000550019330000280024836500600027652009430033665000210127965000360130020250623152832.0250623b |||||||| |||| 00| 0 eng d a9780143466840 cAL aEnglish a158.1bKUMA aLenaa Kumar aAutobiography of godb: self realization in 5 practical steps aGurugrambPenguin Random House India Pvt Ltdc2024 axxi,130p.bPBc20x13cm. aKSCR-000227b₹239.00c₹d₹299.00e20%f20-06-2025 aAre you a seeker, rebel, non-conformist and free-spirit? Yes? … This book is for you. This book is for the rational, the practical, the seeker, the non-conformist, the leader, the rebel and the free spirit . . . This book is for you, dear reader, to destroy your self-limiting beliefs and realize your full potential. As this journey of self-discovery spanning eighteen years unfolds, Lenaa keeps a promise she made to herself during her darkest hours: ‘If I can stay off psychiatric medication for two years, I will write a book for fellow sufferers of anxiety, depression and the rigid psychiatric system.’ Now, five years later, the clarity has distilled down to five questions, one answer and a system of instant self-realization. What am I? Who am I? Where am I? When am I? Why am I? Can you answer these questions to your own satisfaction? If the answer is not a definite ‘Yes’, dive right into The Autobiography of God. aSelf-realization aSelf-actualization (Psychology)